000 00594cam a2200193 4500
001 D15306
008 090401t1981 xxu||||| |||| 00| 0 eng d
035 _a(Sirsi) u21794
041 _aeng
050 _a333.336
110 _aRoyal Institution of Chartered Surveyors
_bPlanning and Development Division
_9956
245 _aDeveloping for industrial expansion. One-day conference [held at RICS] 15 April 1981
260 _aLondon
_bSurveyors` Technical Services
_c1981
300 _a2 papers
350 _a0
520 _aFiled in box RICS 1981/25 ABC
942 _n0
948 _c04/03/1997
999 _c88061
_d88061